000 nam a22 7a 4500
999 _c126344
_d126344
008 170322b xxu||||| |||| 00| 0 eng d
050 _aBL311.G683 1965a Osb
100 _aGrimal , Pierre ( ed. )
_929565
245 _aLarousse World Mythology
260 _aNew York
_bPrometheus Press
_c1965